Jouons au Scrabble avec le mot Pokemon - Statistiques

Statistiques générales
  • Ce quiz a été pris 71 fois
  • Le résultat moyen est 9 sur 24
Statistiques - réponses
points Mot % Correct
4 mon
95%
15 poke
91%
2 no
81%
3 me
72%
2 ne
70%
4 nom
65%
2 on
60%
12 ken
56%
14 kop
40%
5 mono
40%
2 en
39%
4 nem
37%
5 nome
35%
3 om
33%
5 ope
21%
14 moko
14%
3 neo
14%
3 eon
12%
6 peno
12%
4 meo
9%
6 peon
7%
8 moneo
2%
14 mook
2%
6 open
2%
Aucun quiz correspondant
Distribution des résultats
% des personnes avec chaque résultat
Percentile par nombre de réponses
Votre historique - résultats
Vous n’avez pas pris ce quiz